[Event "Santiago de Chile Region (Women) 3rd"]
[Site "Santiago de Chile"]
[Date "2019.06.29"]
[Round "2.1"]
[White "Arriagada Iturra, Romina"]
[Black "Varela Varas, Patricia"]
[Result "0-1"]
[WhiteElo "1241"]
[BlackElo "1543"]
[PlyCount "70"]
[EventDate "2019.06.29"]
[EventType "swiss"]
[EventRounds "6"]
[EventCountry "CHI"]
[SourceTitle "EXT 2024"]
[Source "ChessBase"]
[SourceDate "2023.10.10"]
[SourceVersion "1"]
[SourceVersionDate "2023.10.10"]
[SourceQuality "1"]

1. d4 Nf6 2. c4 g6 3. Nc3 Bg7 4. Nf3 d6 5. e3 0-0 6. Bd3 Nbd7 7. 0-0 c5 8. b3 b6 9. Bb2 Bb7 10. Qe2 cxd4 11. Nxd4 Nc5 12. Bc2 d5 13. Rfd1 Qc8 14. b4 Na6 15. b5 Nc5 16. a4 dxc4 17. Qxc4 Qg4 18. f3 Bxf3 19. Rd2 e5 20. h3 Qh4 21. gxf3 exd4 22. Qxd4 Qxh3 23. Ne4 Nh5 24. Qb4 Bxb2 25. Qxb2 Qxf3 26. Nxc5 Qxe3+ 27. Rf2 Qxc5 28. Bb3 Nf4 29. Kh1 Nd3 30. Rxf7 Nxb2 31. Rc7+ Kh8 32. Rxc5 bxc5 33. Bd5 Rad8 34. Bc6 Rd1+ 35. Rxd1 Nxd1 0-1

[Event "Santiago (Women) op"]
[Site "Santiago de Chile"]
[Date "2018.11.24"]
[Round "3.2"]
[White "Sanchez Tobar, Francisca Valentina"]
[Black "Varela Varas, Patricia"]
[Result "1-0"]
[WhiteElo "1628"]
[BlackElo "1548"]
[PlyCount "59"]
[EventDate "2018.11.24"]
[EventType "swiss"]
[EventRounds "6"]
[EventCountry "CHI"]
[SourceTitle "EXT 2024"]
[Source "ChessBase"]
[SourceDate "2023.10.10"]
[SourceVersion "1"]
[SourceVersionDate "2023.10.10"]
[SourceQuality "1"]

1. e4 e5 2. Nf3 Nc6 3. Nc3 Nf6 4. d4 exd4 5. Nxd4 Bb4 6. Nxc6 bxc6 7. Bd3 Qe7 8. 0-0 0-0 9. Bg5 Qe5 10. Bd2 d5 11. exd5 cxd5 12. h3 c5 13. Re1 Qc7 14. Nb5 Qc6 15. Bxb4 cxb4 16. Qd2 a5 17. Nd4 Qb6 18. Rad1 g6 19. Nf3 Kg7 20. Qf4 h6 21. Re7 Ba6 22. Ne5 Bxd3 23. Rxd3 g5 24. Qf5 Kg8 25. Nxf7 Ne4 26. Rf3 Nd2 27. Rfe3 Ne4 28. Qxd5 Nf6 29. Nxh6+ Kh8 30. Qxg5 1-0

[Event "Santiago Region-ch (Women) 4th"]
[Site "Santiago de Chile"]
[Date "2018.09.30"]
[Round "4.3"]
[White "Hormazabal Figueroa, Constanza Valentina"]
[Black "Varela Varas, Patricia"]
[Result "1-0"]
[WhiteElo "1480"]
[BlackElo "1578"]
[PlyCount "43"]
[EventDate "2018.09.29"]
[EventType "swiss"]
[EventRounds "6"]
[EventCountry "CHI"]
[SourceTitle "EXT 2024"]
[Source "ChessBase"]
[SourceDate "2023.10.10"]
[SourceVersion "1"]
[SourceVersionDate "2023.10.10"]
[SourceQuality "1"]

1. e4 e5 2. Nf3 Nc6 3. Bc4 Bc5 4. c3 Nf6 5. d3 d6 6. Nbd2 Ne7 7. 0-0 Ng6 8. d4 exd4 9. cxd4 Bb6 10. Re1 0-0 11. h3 Re8 12. e5 dxe5 13. dxe5 Nd5 14. Ne4 c6 15. Nd6 Re7 16. Bg5 f6 17. Bxd5+ cxd5 18. Nxc8 Rxc8 19. exf6 Rxe1+ 20. Qxe1 Qe8 21. Qd2 Qf7 22. fxg7 1-0

[Event "Santa Rosa Region (Women)"]
[Site "Santa Rosa"]
[Date "2018.07.17"]
[Round "6.1"]
[White "Hernandez Gonzalez, Claudia"]
[Black "Varela Varas, Patricia"]
[Result "0-1"]
[WhiteElo "1912"]
[BlackElo "1529"]
[PlyCount "146"]
[EventDate "2018.07.14"]
[EventType "swiss"]
[EventRounds "6"]
[EventCountry "CHI"]
[SourceTitle "EXT 2024"]
[Source "ChessBase"]
[SourceDate "2023.10.10"]
[SourceVersion "1"]
[SourceVersionDate "2023.10.10"]
[SourceQuality "1"]

1. d4 Nf6 2. c4 g6 3. Nc3 d6 4. e4 Nbd7 5. Nf3 Bg7 6. Be2 0-0 7. 0-0 e5 8. d5 Nc5 9. Qc2 Nh5 10. b4 Na6 11. a3 f5 12. Ng5 Nf4 13. Bxf4 exf4 14. Ne6 Bxe6 15. dxe6 fxe4 16. Qxe4 Qe8 17. Rac1 c6 18. Rfd1 Qe7 19. Bg4 Be5 20. c5 Rad8 21. Rd3 Bxc3 22. Rdxc3 dxc5 23. bxc5 Rd5 24. Qc2 Nc7 25. Re1 Rf6 26. Qe4 Na6 27. Qa4 h5 28. Bh3 g5 29. g3 fxg3 30. Rxg3 Nxc5 31. Qxa7 g4 32. Bxg4 hxg4 33. Rxg4+ Kh7 34. Qb8 Rg6 35. Rxg6 Kxg6 36. Kh1 Kh7 37. Rg1 Rg5 38. Rxg5 Qxg5 39. Qc7+ Qg7 40. e7 Ne4 41. Qf4 Qxe7 42. Qf5+ Kg7 43. Qg4+ Kf8 44. Qf5+ Nf6 45. Qc8+ Kg7 46. Qh3 Qe4+ 47. f3 Qe1+ 48. Kg2 Qd2+ 49. Kg1 Qh6 50. Qc8 Qc1+ 51. Kg2 Qd2+ 52. Kg1 Qd7 53. Qb8 Qd1+ 54. Kg2 Qe2+ 55. Kg3 Qe7 56. Kg2 Nd5 57. Qg3+ Kh6 58. Qh3+ Kg6 59. Kf1 Ne3+ 60. Kg1 Qg5+ 61. Kh1 Qe5 62. Kg1 Qf5 63. Qh8 Qxf3 64. Qg8+ Kh5 65. Qh7+ Kg5 66. Qg7+ Kf4 67. Qh6+ Ke4 68. Qe6+ Kd4 69. Qd7+ Qd5 70. Qg7+ Kd3 71. Qg6+ Qf5 72. Qd6+ Ke2 73. h4 Qf2+ 0-1

[Event "Santiago Region-ch (Women) 2nd"]
[Site "Santiago de Chile"]
[Date "2018.04.15"]
[Round "6.5"]
[White "Galvez Aguirre, Valentina"]
[Black "Varela Varas, Patricia"]
[Result "0-1"]
[WhiteElo "1140"]
[BlackElo "1547"]
[PlyCount "154"]
[EventDate "2018.04.14"]
[EventType "swiss"]
[EventRounds "6"]
[EventCountry "CHI"]
[SourceTitle "EXT 2024"]
[Source "ChessBase"]
[SourceDate "2023.10.10"]
[SourceVersion "1"]
[SourceVersionDate "2023.10.10"]
[SourceQuality "1"]

1. e4 e5 2. Nf3 Nc6 3. d4 exd4 4. Bc4 Bb4+ 5. c3 dxc3 6. 0-0 d6 7. bxc3 Bc5 8. Qb3 Qe7 9. Re1 Nf6 10. Nbd2 0-0 11. Bb2 Na5 12. Qa4 Nxc4 13. Qxc4 Be6 14. Qd3 Rad8 15. Qc2 d5 16. e5 Ng4 17. Nd4 Bd7 18. N2f3 Bb6 19. h3 Nh6 20. Bc1 c5 21. Bxh6 gxh6 22. Ne2 Kh8 23. Ng3 Rg8 24. Nf5 Qe6 25. Ng3 d4 26. cxd4 cxd4 27. Rad1 d3 28. Rxd3 Rxg3 29. Kh1 Rg6 30. Qc1 Bxf2 31. Rf1 Bb6 32. Rd6 Qxa2 33. Rxg6 fxg6 34. Qxh6 Qg8 35. Ng5 Bf5 36. Kh2 Qg7 37. Qxg7+ Kxg7 38. g4 Rd2+ 39. Kh1 Bd3 40. Rf7+ Kh6 41. h4 Rd1+ 42. Kh2 Bg1+ 43. Kg3 Bf2+ 44. Kxf2 Rf1+ 45. Ke3 Rxf7 46. Nxf7+ Kg7 47. Nd6 Ba6 48. Kd4 Be2 49. g5 Bf3 50. e6 Kf8 51. Ke5 Bc6 52. Nc8 a5 53. Nb6 a4 54. Nc4 Ke7 55. Na3 b5 56. Nc2 Bg2 57. Nb4 a3 58. Na2 Bh3 59. Nb4 Bxe6 60. Nc6+ Kd7 61. Nb4 a2 62. Nxa2 Bxa2 63. Kd4 b4 64. Kd3 Ke6 65. Kc2 Kf5 66. Kb2 b3 67. Kc1 Kg4 68. Kb2 Kxh4 69. Kc3 Kxg5 70. Kb2 h5 71. Kc3 h4 72. Kb2 h3 73. Kc1 h2 74. Kb2 h1Q 75. Kc3 Qe1+ 76. Kd4 b2 77. Kc5 b1Q 0-1